Theory of functions of a complex variable

Guardat en:
Dades bibliogràfiques
Autor principal: Caratheodory, C (Autor)
Format: Llibre
Idioma:anglès
Publicat: Nueva York Chelsea 1964
Edició:2a. ed
Matèries:
Etiquetes: Afegir etiqueta
Sense etiquetes, Sigues el primer a etiquetar aquest registre!

MARC

LEADER 00000cam a2200000 a 4500
001 UCP0780
003 CL-VaPUC
008 990319e19640000US |||||||||||||||||eng|d
082 0 4 |a 515.9  |b CAR  |2 21 
100 0 |a Caratheodory, C  |e author  |9 426315 
245 1 0 |a Theory of functions of a complex variable 
250 |a 2a. ed 
300 |a 2 v 
942 |c BK 
945 |d 19990319 00:00:00  |a crobeson 
260 |a Nueva York  |b Chelsea  |c 1964 
650 0 |a Funciones de variables complejas  |9 260212 
650 0 |a Números complejos  |9 270335 
650 0 |a Funciones analíticas  |9 270036 
650 0 |a Topología   |9 260092 
650 7 |a FUNCIONES ESPECIALES  |2 CL-VaPUC  |9 424112 
650 0 |a Análisis complejo   |9 260214 
583 |a last modification  |c 20120903 11:07:56  |k Rodrigo Vera 
999 |c 279527  |d 279525